Open Data Biblioteca Nacional de Portugal


República Portuguesa: Ministério da Cultura
Biblioteca Nacional de Portugal

Catálogo da BNP: acesso por Identificadores Unívocos
Registos Bibliográficos associados ao registo de autoridade

Etiqueta de registo: 00000nkm 2200025 450
001 2271258
003 http://id.bnportugal.gov.pt/bib/catbnp/2271258
100 ## $a20260224d1986 m y0pory01030103ba
101 0# $apor
102 ## $aPT
200 1# $a1.º Congresso U.S.C., unidade, trabalho e paz, 24, 25 outubro 1986, Teatro das Letras Univer. Coimbra$bVisual gráfico]$aUnião dos Sindicatos de Coimbra
210 #9 $aCoimbra$cUnião dos Sindicatos de Coimbra,$d1986
215 ## $a1 cartaz$ccolor.$d42x30 cm
317 ## $aColeção Madeira Luís
710 01 $aCongresso da União dos Sindicatos de Coimbra,$d1,$eCoimbra,$f1986$31993058
712 02 $aUnião dos Sindicatos de Coimbra$3212250
801 #0 $aPT$bBN$gRPC
966 ## $lBN$mICONOG$sCT. 14748 V.$x3
971 ## $cCaticonografia6$d20260224
995 ## $aPRR2026 $d20260224$iCaticonografia6

OpendataBNP@bnportugal.pt | Mais informação sobre acesso aos dados BNP